000
00252nam a22001217a 4500
040
_c
SK
082
_a
639
100
_a
CHAPMAN
245
_a
Feed management in intensive aquaculture
260
_a
NEW YORK
_b
CHA
_c
1996
300
_a
193p.
942
_c
EK
999
_c
9938
_d
9938